Повести (Запис № 364915)

МАРК-запис
000 -Лідер
fixed length control field 00567nam a22002297a 4500
003 - Ідентифікатор контрольного номера
control field UA-OsUOA
001 - Контрольний номер
control field 78589
007 - Фіксоване поле фізичного опису
fixed length control field ta
008 - Елементи даних фіксованої довжини – загальна інформація
fixed length control field 20111017b un ||||| |||| 00| 0 ukr d
090 ## - Локальний шифр розміщення
Класифікаційний індекс УДК 821.161.1
Авторський знак (НП) А62
040 ## - Джерело каталогізації
Агенція оригінальної каталогізації UA-OsUOA
Мова каталогізації rus
Агенція, яка здійснювала перезапис UA-OsUOA
Агенція, яка здійснювала модифікацію UA-OsUOA
041 ## - Код мови
Код мови тексту/ звукової доріжки чи окремого заголовка (П) rus
080 ## - Індекс Універсальної десяткової класифікації
Індекс Універсальної десяткової класифікації (УДК) (НП) 821.161.1
100 ## - Основне введення – ім’я особи
Ім’я особи (НП) Амосов Н. М.
245 ## - Відомості про назву
Назва (НП) Повести
260 ## - Публікація, розповсюдження і т.п. (Вихідні дані)
Місце публікації, розповсюдження і т.п. (П) К.
Ім’я/ наймення видавництва, розповсюджувача і т.п. (П) Дніпро
Дата публікації, розповсюдження і т.п. (П) 1984
300 ## - Фізичний опис
Обсяг 616 с.
650 #7 - Додаткове предметне введення – тематичний термін
Тематичний термін чи географічна назва, як елемент введення (НП) 82 Література. Літературознавство
Джерело заголовка чи терміна UDC
942 ## - Додаткові елементи входу (Коха)
Тип елемента Koha Книги
955 ## - Код типу видання за змістом
Код типу видання за змістом (НП) Літературно-художні видання
Фонди
Стан вилучень Стан втрат Джерело класифікації або схеми стелажів Стан уражень Не для кредиту Постійне місце розташування Поточне розміщення Дата придбання Інвентарний номер Усього замовленно Повний номер виклику Штрих-код Дата останнього перегляду Ціна ефективна від Тип елемента Koha Код колекції Джерело придбання Вартість, звичайна ціна покупки
    Universal Decimal Classification     АБ - Абонемент НБ АБ - Абонемент НБ 13/12/2012 10035   821.161.1 А62 10035 11/04/2022 17/10/2011 Книги      
    Universal Decimal Classification     АБ - Абонемент НБ АБ - Абонемент НБ 17/10/2011 134624   821.161.1 А62 134624 06/02/2022 17/10/2011 Книги Колекція Кушніра М.П. 123/2011 12.00
    Universal Decimal Classification     АБ - Абонемент НБ АБ - Абонемент НБ 03/07/2014 145948   821.161.1 А62 145948 11/04/2022 17/10/2011 Книги   26/2014 30.00
    Universal Decimal Classification     АБ - Абонемент НБ АБ - Абонемент НБ 13/12/2012 34933   821.161.1 А62 34933 11/04/2022 17/10/2011 Книги      
    Universal Decimal Classification     АБ - Абонемент НБ АБ - Абонемент НБ 13/12/2012 42687   821.161.1 А62 42687 11/04/2022 17/10/2011 Книги